| 000 | 00864nam a2200253Ia 4500 | ||
|---|---|---|---|
| 003 | OSt | ||
| 005 | 20220918171012.0 | ||
| 006 | a|||||r|||| 00| 0 | ||
| 007 | ta | ||
| 008 | 220917b |||||||| |||| 00| 0 eng d | ||
| 020 |
_a9781137001122 (hbk) _c4757.5 |
||
| 024 | _a285,568 | ||
| 037 |
_b809, 10/02/2015, Anshika Book International _cTextual |
||
| 040 |
_aARTS _cARTS _beng |
||
| 041 |
_2eng _aeng |
||
| 082 | _aO49G:g(Y:435), Q3 | ||
| 100 |
_aMukherjee Upamanyu Pablo _933039 |
||
| 245 | 0 |
_aNatural disasters and victorian empire _b Famines, fevers and literary cutlures of South Asia |
|
| 260 |
_aLondon _bPalgrave UK _c2013 |
||
| 300 |
_avii,221p. _ccm. |
||
| 650 | _aENGLISH LITERATURE | ||
| 942 |
_hO49G:g(Y:435), Q3 _cTEXL _2CC |
||
| 999 |
_c137206 _d137206 |
||